000 00605nam a2200217 a 4500
001 000011020
005 20200929162337.0
008 091013s2006 sp 000 0 spa d
020 _a8434851857
040 _aDO-SdBNP
_bspa
_cBNPHU
082 _axxxx
_bxxxx
100 1 _aDoherty, Berlie
_926462
245 1 0 _aQuerido nadie. /
_cBerlie Doherty; traducción, Amalia Bermejo.
250 _a17ta. ed.
260 _aMadrid :
_bEdiciones SM,
_c2006.
300 _a165 p ;
_c21 cm.
490 1 _aGran angular
700 1 _aBermejo, Amalia
_etrad.
_926463
830 0 _aGran angular
_926464
049 _aBNPD
999 _c10758
_d10758